Statistiken für Schweiz vs. Deutschland Quiz

Klicken Sie hier um das Quiz zu spielen!

Allgemein

  • Dieses Quiz wurde 440 mal gespielt
  • Das Durchschnittsergebnis liegt bei 19 aus 35

Antwortstatistiken

FrageAntwort% Korrekt
Welches Land besitzt die grössere Fläche?Deutschland
99%
Welches dieser Länder hat mehr Farben in seiner Flagge?Deutschland
99%
Welches Land hat mehr Einwohner?Deutschland
99%
Welches Land hat mehr offizielle Landessprachen?Schweiz
95%
Welcher heutige Staat wurde früher gegründet?Schweiz
82%
Welches dieser Länder hat ein höheres Bruttoinlandsprodukt pro Kopf? (KKP)Schweiz
82%
Welches Land hat den höheren Index der menschlichen Entwicklung?Schweiz
80%
Wer feiert seinen Nationalfeiertag früher im Jahr?Schweiz
75%
Wo ist der grössere Anteil landwirtschaftlich genutzter Flächen?Deutschland
73%
In welchem Land gibt es mehr Ärzte pro 1000 Personen?Schweiz
71%
Wo gibt es die höhere Mordrate pro 100'000 Einwohner?Deutschland
70%
Welches Land befindet sich per Luftlinie näher an der Stadt Venedig?Schweiz
69%
Welches dieser Länder hat ein höheres Bruttoinlandsprodukt (KKP)?Deutschland
66%
Durch welches Land fliesst der Rhein?Durch beide
64%
Die Hauptstadt welchen Landes befindet sich per Luftlinie näher am Meer?Deutschland
63%
Wo ist die höhere Jahresmitteltemperatur?Deutschland
55%
Wer hat eine Fahne im 3:5-Verhältnis?Deutschland
51%
Welches Land besitzt mehr Gliedstaaten?Schweiz
51%
In welchem Land herrscht eine höhere Bevölkerungsdichte?Deutschland
48%
In welchem Land besitzt die fünftgrösste Stadt ein Stadtzentrum, das unter UNESCO-Weltkulturerbe steht?Schweiz
48%
Wo ist die niedrigere Mehrwertsteuer?Schweiz
48%
Wo herrscht ein höherer Anteil konfessionsloser Einwohner?Deutschland
47%
In welchem Land existiert das Amt des Bundespräsidenten?In beiden Ländern
43%
Welches Land kennt das System der Regierung und Opposition?Deutschland
42%
Wo ist ein höherer Prozentsatz der von Wäldern bedeckten Fläche?Deutschland
38%
Welches Land hat höhere Gesundheitsausgaben, als Prozentanteil am BIP?Deutschland
36%
In welchem Land existiert das Organ des Bundesrats?In beiden Ländern
34%
Welches Land befindet sich per Luftlinie näher an der Hafenstadt Trieste?Deutschland
30%
In welchem Land gibt es mehr Krankenhausbetten pro 1000 Personen?Deutschland
25%
Wo herrscht ein höherer Ausländeranteil? (Personen ohne Staatsangehörigkeit des jeweiligen Landes)Schweiz
22%
Wer hatte mehr COVID-19-Fälle pro eine Million Einwohner?Schweiz
22%
Wo ist ein höherer Anteil der Bevölkerung mit Zugang zu Elektrizität?Gleicher Anteil
21%
In welchem Land wurden schon einmal kommunistische Parteien verboten?In beiden Ländern
21%
Durch welches Land fliesst der Inn?Durch beide
20%
In welchem Land existiert das Amt des Bundeskanzlers?In beiden Ländern
20%

Verteilung der Resultate

Perzentil nach korrekt beantworteten Fragen

Anzahl Personen mit jedem Resultat

Ihre Resultats-Entwicklung

Sie haben dieses Quiz noch nicht gespielt